<?xml version="1.0" encoding="UTF-8"?>
<record
    xmlns:xsi="http://www.w3.org/2001/XMLSchema-instance"
    xsi:schemaLocation="http://www.loc.gov/MARC21/slim http://www.loc.gov/standards/marcxml/schema/MARC21slim.xsd"
    xmlns="http://www.loc.gov/MARC21/slim">

  <leader>01145nam a2200205 a 4500</leader>
  <controlfield tag="008">190917e1993    co  |||g |||| 001 0 spa d</controlfield>
  <datafield tag="020" ind1=" " ind2=" ">
    <subfield code="a">9580409773</subfield>
  </datafield>
  <datafield tag="041" ind1=" " ind2=" ">
    <subfield code="a">spa</subfield>
  </datafield>
  <datafield tag="092" ind1=" " ind2=" ">
    <subfield code="c">808</subfield>
    <subfield code="l">71</subfield>
    <subfield code="s">QUI</subfield>
  </datafield>
  <datafield tag="100" ind1="1" ind2=" ">
    <subfield code="a">Quiroga, Horacio</subfield>
    <subfield code="9">3975</subfield>
  </datafield>
  <datafield tag="245" ind1="3" ind2=" ">
    <subfield code="a">El hombre muerto.</subfield>
    <subfield code="b">Por la otra cara de este libro: A prop&#xF3;sito de Horacio Quiroga y su obra /</subfield>
    <subfield code="c">Horacio Quiroga</subfield>
  </datafield>
  <datafield tag="250" ind1=" " ind2=" ">
    <subfield code="a">1a ed. 5ta reimp.</subfield>
  </datafield>
  <datafield tag="260" ind1=" " ind2=" ">
    <subfield code="a">Colombia:</subfield>
    <subfield code="b">Norma;</subfield>
    <subfield code="c">1993.</subfield>
  </datafield>
  <datafield tag="300" ind1=" " ind2=" ">
    <subfield code="a">148 p.</subfield>
  </datafield>
  <datafield tag="500" ind1=" " ind2=" ">
    <subfield code="a">Quiroga, H. (1993). El hombre muerto. Por la otra cara de este libro: A prop&#xF3;sito de Horacio Quiroga y su obra. (1a ed.). Colombia : Norma.</subfield>
  </datafield>
  <datafield tag="505" ind1=" " ind2=" ">
    <subfield code="a">En cada ejemplar de la colecci&#xF3;n Cara y Cruz el lector encontrar&#xE1; dos libros distintos y complementarios. Si quiere conocer ensayos sobre "El hombre muerto y Horacio Quiroga" citas a prop&#xF3;sito de ellos, cronolog&#xED;a y bibliograf&#xED;a, empiece por esta, la secci&#xF3;n "Cruz" del libro. Si prefiere leer los cuentos, dele vuelta al libro y empiece, por la tapa opuesta, la secci&#xF3;n "Cara". </subfield>
  </datafield>
  <datafield tag="590" ind1=" " ind2=" ">
    <subfield code="a">Proyecto 4to libro, Donaci&#xF3;n Constanzo Juan Carlos, marzo 2019</subfield>
  </datafield>
  <datafield tag="655" ind1=" " ind2=" ">
    <subfield code="a">Literatura</subfield>
    <subfield code="9">2917</subfield>
  </datafield>
  <datafield tag="942" ind1=" " ind2=" ">
    <subfield code="2">ddc</subfield>
    <subfield code="c">LIT</subfield>
  </datafield>
  <datafield tag="999" ind1=" " ind2=" ">
    <subfield code="c">2872</subfield>
    <subfield code="d">2872</subfield>
  </datafield>
  <datafield tag="952" ind1=" " ind2=" ">
    <subfield code="0">0</subfield>
    <subfield code="1">0</subfield>
    <subfield code="2">ddc</subfield>
    <subfield code="4">0</subfield>
    <subfield code="7">0</subfield>
    <subfield code="a">BFM</subfield>
    <subfield code="b">BFM</subfield>
    <subfield code="c">CR</subfield>
    <subfield code="d">2019-03-06</subfield>
    <subfield code="e">Donaci&#xF3;n Constanzo, Juan Carlos, marzo 2019</subfield>
    <subfield code="l">0</subfield>
    <subfield code="o">808 71 QUI</subfield>
    <subfield code="p">4403</subfield>
    <subfield code="r">2019-03-06</subfield>
    <subfield code="t">Ej. 1</subfield>
    <subfield code="w">2019-03-06</subfield>
    <subfield code="y">LIT</subfield>
    <subfield code="z">Proyecto 4to libro. Donaci&#xF3;n Constanzo Juan Carlos, marzo 2019</subfield>
  </datafield>
</record>
